| Tag |
First Indicator |
Second Indicator |
Subfields |
| LEADER |
00000pam a2200000 a 4500 |
| 001 |
in00000547621 |
| 005 |
20151014050844.0 |
| 008 |
831227s1984 mauc b 00110beng |
| 010 |
|
|
|a 83026597
|
| 020 |
|
|
|a 0674638212 (alk. paper) :
|c $25.00
|
| 035 |
|
|
|a (OCoLC)10299784
|
| 035 |
|
|
|9 ACJ0775AM
|
| 039 |
0 |
|
|a 2
|b 3
|c 3
|d 3
|e 3
|
| 040 |
|
|
|a DLC
|c DLC
|d TXA
|d UtOrBLW
|
| 043 |
|
|
|a n-us---
|
| 049 |
|
|
|a TXAM
|c [937718]
|
| 050 |
0 |
0 |
|a E340.W4
|b B297 1984
|
| 082 |
0 |
|
|a 973.5/092/4
|a B
|2 19
|
| 100 |
1 |
|
|a Baxter, Maurice G.
|q (Maurice Glen),
|d 1920-
|
| 245 |
1 |
0 |
|a One and inseparable :
|b Daniel Webster and the Union /
|c Maurice G. Baxter.
|
| 264 |
|
1 |
|a Cambridge, Mass. :
|b Harvard University Press,
|c 1984.
|
| 300 |
|
|
|a x, 646 pages :
|b portraits ;
|c 24 cm.
|
| 336 |
|
|
|a text
|b txt
|2 rdacontent
|
| 337 |
|
|
|a unmediated
|b n
|2 rdamedia
|
| 338 |
|
|
|a volume
|b nc
|2 rdacarrier
|
| 504 |
|
|
|a Includes bibliographical references and index.
|
| 600 |
1 |
0 |
|a Webster, Daniel,
|d 1782-1852.
|
| 610 |
1 |
0 |
|a United States.
|b Congress.
|b Senate
|x Biography.
|
| 650 |
|
0 |
|a Legislators
|z United States
|v Biography.
|
| 651 |
|
0 |
|a United States
|x Politics and government
|y 1815-1861.
|
| 999 |
|
|
|a MARS
|
| 999 |
f |
f |
|s d25d8a6c-8e0e-3ab7-afa0-b1a4608ea20f
|i 509c801e-69e5-3c05-ae81-581fc0ae0317
|t 0
|
| 952 |
f |
f |
|p ric
|a Texas A&M University
|b Rellis Campus
|c Joint Library Facility
|d Remote Storage
|t 0
|e E340.W4 B297 1984
|h Library of Congress classification
|i unmediated -- volume
|m A14808914666
|
| 998 |
f |
f |
|a E340.W4 B297 1984
|t 0
|l Remote Storage
|